000 00822nam a2200217 a 4500
005 20200313090757.0
008 200313s2019 sp a|||fr|||| 00| 0 spa d
020 _a9788491103738
040 _aCO-BoUCM
_bspa
_cDeissy Garcia
_dDeissy Garcia
041 0 _aspa
060 _aQT 255
100 1 _aCalvo Mínguez, Juan Bosco
_967288
245 _aMétodo pilates durante el embarazo, el parto y el posparto
_buna guía metodológica
_cJuan Bosco Calvo, Laura Cabral
260 _bMédica Panamericana
_c2019
_aMadrid
300 _axi, 206 páginas
_bilustraciones
504 _aIncluye referencias bibliográficas e índices
650 1 7 _2BNE
_aMétodo Pilates
_9100434
650 1 7 _aMujeres embarazadas
_xEjercicio físico
_9100435
700 1 _9100433
_aCabral, Laura
942 _cLIBRO
_2NLM
_a26
_e1
_hQT 255
_mC169m
999 _c317096
_d317096